00443nam a2200193Ia 4500008004100000020001800041050001400059100001900073245002400092245001900116260001500135260001600150260000900166300001500175300002700190300001000217440001400227500000800241170918s9999 xx 000 0 und d a9780439692601 bW331 2004 aWaters, Teresa aIt's a dog's life / cTeresa Waters. aNew York : bScholastic, c2004 a23 pages : bcolored illustration ; c20cm. aRead 180. a250